| 000 | 00474nam a2200145Ia 4500 | ||
|---|---|---|---|
| 008 | 170221s9999 xx 000 0 und d | ||
| 100 | _aRaoul Boers | ||
| 245 | _aFROM CONVERGENCE TO CONNECTIVISM: TEACHING JOURNALISM 2.0 | ||
| 245 | _cRaoul Boers, Esra Ercan, Lars Rinsdorf ,Robert W. Vaagan | ||
| 260 | _bOnline Journal of Communication and Media Technologies | ||
| 260 | _c2015 | ||
| 650 | _xCommunication | ||
| 650 | _xMedia Arts | ||
| 856 | _uhttp://www.ojcmt.net/ | ||
| 999 |
_c309211 _d309211 |
||